000 01023nab a22002057a 4500
999 _c5905
_d5905
003 OSt
005 20260110010037.0
008 190605e xxu||||| |||| 00| 0 spa d
040 _cPJ
100 _96164
_aMoscuzza, Stella Maris
245 1 0 _aAlgunos aspectos del régimen laboral de la gente de mar /
_cStella Maris Moscuzza.
260 _aCiudad Autónoma de Buenos Aires :
_bThomson Reuters La Ley,
_c2023.
300 _ap. 105-124
500 _aCita: TR LALEY AR/DOC/1873/2023.
505 _aSumario: I. Introducción.— II. Las fuentes de derechos para el trabajo de la gente de mar.— III. Las particularidades del trabajo marítimo.— IV. Reflexiones finales.— V. Bibliografía complementaria.
505 _t¿Te interesa el texto completo? Solicitalo al correo: koha@justierradelfuego.gov.ar
650 0 _91316
_aDERECHO LABORAL
773 0 _02711
_93168
_dCiudad Autónoma de Buenos Aires : Thomson Reuters La Ley, 1999-2002.
_tRevista de derecho del trabajo. Nº 5 - Septiembre 2023
942 _2udc
_cANA